MDQL
is popping MORE tags! Check the
thread
!
Quizzes
Events
Quiz Creation
Community
Videos
Private Events
Remove Ads
Sign In
Join for FREE
Feedback
Dark Mode
Quiz Categories
Sports
Geography
Music
Movies
Television
Just For Fun
Miscellaneous
History
Literature
Language
Science
Gaming
Entertainment
Religion
Holiday
For Kids
Quiz Lab
Recent
Popular Today
Quiz Kudos Today
Editor Picks
Curator Picks
Quizzes by...
Day
Popularity
Type
Ratings
Length
Year
Community
Subscriptions
Recent Discussions
Orange Saloon
Badges
Playlists
Quests
Create
Leaderboards
Showdown
Live 5
Trivia Bingo
Activity
Puzzle Library
Sporcle Events
Private Events
Virtual Trivia
Globe League
Become a Host
Pub Owners
SporcleCon
Opinionation
Our Games
Videos
Blog
Mobile Apps
Partnerships
Remove Ads and Go Orange
Feedback
Miscellaneous
Crossword
General Knowledge
Baby Names
Logo
Food
Cars
Numbers
Grab Bag
University
College
Popular
Company
Slogans
Restaurants
Justice
Letter
Miscellaneous
Crossword
General Knowledge
Baby Names
Logo
Food
Cars
Numbers
Grab Bag
University
College
Popular
Company
Slogans
Restaurants
Justice
Letter
Random Quiz
Search Sporcle
×
Quiz Lab
Quiz Lab
Miscellaneous
Aircraft
Type in answers that appear in a list
Type in answers that appear in a list
Classic
Best Score? Go Orange.
Aircraft Manufacturer by Prefix Stats
Can you name the Aircraft Manufacturer by Prefix?
By
Noha307
10m
95 Questions
53 Plays
53 Plays
53 Plays
Comments
Comments
Give Quiz Kudos
Give Quiz Kudos
-
- Ratings
hide this ad
More Info
Replay
Link that replays current quiz
Next Quiz
Link to next quiz in quiz playlist
You Got
0%
They Got
Avg Score
25%
Avg Friend Score
Upgrade to see
Score Distribution
Jump to the score distribution portion of the page
Score
0/95
Timer
10:00
0
Plays Today
Header
Company
% Correct
British
de Havilland
77.6%
Russian
Tupolev
73.6%
Russian
Antonov
71.7%
German
Junkers
69.8%
American
Douglas
67.9%
German
Dornier
67.9%
American
McDonnell Douglas
67.3%
British
Hawker
65.3%
Russian
Sukhoi
64.2%
German
Bayerische Flugzeugwerke
64.2%
American
North American
64.2%
American
Grumman
62.3%
Russian
Ilyushin
60.4%
German
Focke-Wulf
60.4%
American
Piper
59.2%
Russian
Yakovlev
58.5%
German
Heinkel
58.5%
British
Handley Page
57.1%
American
Lockheed
56.6%
German
Arado
56.6%
American
Republic
54.2%
Italian
Piaggio
54.2%
Italian
Fiat
54.2%
Russian
Mikoyan
49.1%
American
Cessna
49%
Italian
Macchi
45.8%
American
Northrop
45.3%
Russian
Mil
45.3%
Russian
Beriev
43.4%
German
Reimar und Walter Horten
43.1%
Italian
Reggiane
41.7%
Italian
Caproni
41.7%
Header
Company
% Correct
German
Henschel
41.5%
Russian
Kamov
39.6%
German
Fieseler
37.7%
Italian
Savoia-Marchetti
37.5%
German
Fokker
36.7%
American
Curtiss-Wright
35.8%
American
Vought
33.3%
French
Societe des Avions Marcel Bloch
33.3%
French
Dassault Aviation
32.7%
British
Saunders-Roe
30.6%
German
Blohm & Voss
30.2%
French
Dewoitine
29.2%
Other European
Pilatus
27.3%
American
Vultee
26.5%
Italian
Cantieri Aeronautici e Navali Triestini
25%
French
Morane-Saulnier
25%
American
Sikorsky
24.5%
American
Convair
24.5%
German
Flettner
23.5%
American
Hughes
22.6%
Italian
Augusta
20.8%
British
Blackburn
20.4%
German
Bachem
17.6%
Other European
Eurocopter
17%
Russian
Myasishchev
16.7%
French
Farman
16.7%
British
Hawker Siddley
14.3%
German
Messerschmitt-Bölkow-Blohm
14.3%
German
Bucker
13.7%
German
Flugzeugwerke Halle
13.7%
Other European
AugustaWestland
13.2%
American
Vans
12.5%
Header
Company
% Correct
Italian
SAI Ambrosini
12.5%
French
Societe nationale des constructions aeronautiques du Sud-Est
12.5%
Other European
Avia
11.8%
French
Aerospatiale
11.3%
French
Sud Aviation
9.4%
American
Gulfstream
8.3%
French
Societe nationale des constructions aeronautiques du sud-ouest
8.3%
French
Nord Aviation
8.3%
German
Bölkow
8.2%
German
Albatros
7.8%
American
Mooney
7.7%
Other European
Construcciones Aeronáuticas SA
6.1%
British
Short Brothers
6.1%
American
American Aviation
6.1%
American
Kaman
5.3%
British
Hunting
4.2%
French
Societe pour l'aviation et ses derives
4.2%
German
Focke-Achgelis
3.9%
German
Hamburger Flugzeugbau
0%
German
Weser Flugzeugbau
0%
German
Klemm Flugzeugbau
0%
German
Deutsche Forschungsanstalt fur Segelflug
0%
German
Gothaer Waggonfabrik
0%
Other European
Hispano Aviación
0%
French
Fouga
0%
French
Avions Max Holste
0%
American
Keystone
0%
American
Pitcairn
0%
American
Thomas-Morse
0%
American
Piasecki
0%
American
Robinson
0%
Quiz Playlist
Details
Report
Send in Message
Add To Playlist
More Info:
Several companies never used a prefix, only a model number. Useful reference: http://www.secretprojects.co.uk/forum/index.php/topic,10267
Classic:
Type in answers that appear in a list
Last Updated: Dec 30, 2019
Quiz Scoreboard
CHALLENGE
Sign Up to Join the Scoreboard
Show All
Scores
Hide
Comments
May contain spoilers
Recently Published
Holiday 10x10 Sorting Gallery
by lukepisani3
Holiday
15m
Two Season TV Shows II
by 123Four
Television
10m
Image Sorting: Flags VI
by Barbecue
Geography
2m
More to Explore
Quiz From the Vault
Featured Blog Post
14 Easter Pick-up Lines to Find Eggs With
hide this ad
You Might Also Like...
Tags
Aircraft
Today's Top Quizzes in Miscellaneous
Browse Miscellaneous
hide this ad
Today's Top Quizzes in Aircraft
Browse Aircraft
Top Contributed Quizzes in Miscellaneous
1
The JOE quick-fire general knowledge quiz: Day 174
2
9x9 Crossword: Disney Movie Titles
3
The JOE quick-fire general knowledge quiz: Day 173
4
5-to-1: Fast Food
5
9x9 Crossword: Charlie and the Chocolate Factory
6
9x9 Crossword: The Simpsons
7
9x9 Crossword: Flags
8
9x9 Crossword: 2022 Movies
9
9x9 Crossword: Actors
10
9x9 Crossword: Halloween
Explore More
Trending Topics
Crossword
Disney
Harry Potter
Marvel
Kpop
NBA
Anime
The Office
Song
Pokémon
Soccer
NFL
Country
WWE
Puzzle
hide this ad
More By:
Noha307
Quiz
Plays
Rating
Category
Featured
Created
Book of Bork
354
4.75
Miscellaneous
Aug 8, 2014
Ace Combat Zero Squadrons
130
5.00
Gaming
Aug 14, 2016
Military Movie Aircraft
127
2.00
Movies
Jan 5, 2017
Aircraft Manufacturer by Prefix
53
Miscellaneous
Jul 3, 2014
World War II British Nicknames for American Aircraft
49
History
May 16, 2016
Go to Creator's Profile
Score Distribution
Quiz Creator Spotlight
Noha307
Follow
Send a Message
Quizzes Created
-
Created Quiz Play Count
-
More By This Creator
Popular Quizzes Today
1
Find the US States - No Outlines Minefield
2
Colored Red Africa Blitz
3
Find the 'City' Movie
4
The Countries of the World
5
Find the US States
6
5x2 Blitz: Bands
7
Find the Countries of Europe - No Outlines Minefield
8
US States
More Miscellaneous Quizzes
Sporcle Speed-Picking II
Published
Trending Quizzes
Colored Red Europe Blitz I
Colored Red Europe Blitz II
Colored Red Africa Blitz II
Colored Red Africa Blitz III
Colored Red Europe Blitz III
Recently Updated
Odd Team Out - Big 4 Players
pecheneg
Quick Pick: 20 Twenties
pecheneg
March Madness Men's Triple Doubles
pecheneg
How Do You Spell That?
pecheneg
Godzilla Movies
pecheneg
Grab Bag: 4-10 Letters
pecheneg
2024 March Madness Bracket
pecheneg
Famous TV Couples
Peacemaker
Champions League XIs: Real Madrid
pecheneg
Largest US Cities 1790-2010
pecheneg
Trending Topics
NBA
Harry Potter
Disney
Kpop
Crossword
Marvel
Anime
NFL
Pokémon
The Office
Country
WWE
Soccer
Song
Puzzle
Your Account Isn't Verified!
In order to create a playlist on Sporcle, you need to verify the email address you used during registration. Go to your
Sporcle Settings
to finish the process.
Report this User
Report this user for behavior that violates our
Community Guidelines
.
Details:
Send Report
Go to the Sporcle.com Mobile Site →
Comments